banner-ar

الاتجاهات الحديثة فى المكتبات و المعلومات : (Record no. 59999)

MARC details
000 -الفاتح
حقل البيانات ثابتة الطول 01624nam a22003137a 4500
005 - وقت وتاريخ اخر تعامل مع التسجيلة
رقم الضبط 20240530110347.0
008 - عناصر البيانات ثابتة الطول - معلومات عامة
حقل البيانات ثابتة الطول 141210b xxu||||| |||| 000 0 ara d
017 ## - رقم الايداع القانونى
رقم الايداع القانونى 6534
المصدر ( الهيئة المختصة) مصر . دار الكتب المصرية
040 ## - مصدر الفهرسة
وكالة الفهرسة الأصلية EG-CaGPL
041 0# - رمز اللغة
رمز لغة النص/ المسارات الصوتية أو العنوان الانفرادي ara
082 04 - رقم تصنيف ديوى العشرى
رقم الطبعة 21
رقم التصنيف 020.05\
رقم المادة م إ
110 2# - المدخل الرئيسى - إسم هيئة
اسم الهيئة أو اسم السلطة كمدخل المكتبة الاكاديمية
الدور ناشر
245 12 - بيان العنوان
العنوان الاتجاهات الحديثة فى المكتبات و المعلومات :
بقية العنوان كتاب دورى محكم يصدر مؤقتا مرتين فى السنة /
بيان المسئوليه,etc رئيس التحرير محمد فتحى عبدالهادى ؛ نائب رئيس التحرير اسامة السيد محمود ؛ سكرتير التحرير منى محمود عبدالهادى
رقم الجزء/قسم العمل المجلد الثالث عشر ، العدد السادس والعشرون ( يوليو 2006 )
260 ## - PUBLICATION, DISTRIBUTION, ETC. (IMPRINT)
تاريخ النشر أو التوزيع 2006
300 ## - الوصف المادى
التعداد 292 ص ؛
أبعاد الوعاء 26 سم
504 ## - تبصرة ببليوجرافية
تبصرة ببليوجرافية,الخ ببليوجرافية : ص 263 292
650 04 - المدخل الاضافى بالموضوع-مصطلح موضوعى
مصطلح موضوعي المكتبات
التقسيم الفرعي العام علم
650 04 - المدخل الاضافى بالموضوع-مصطلح موضوعى
مصطلح موضوعي الخدمة المكتبية
650 04 - المدخل الاضافى بالموضوع-مصطلح موضوعى
مصطلح موضوعي شبكات المكتبات والمعلومات
650 04 - المدخل الاضافى بالموضوع-مصطلح موضوعى
مصطلح موضوعي المكتبات
التقسيم الفرعي العام برامج الحاسبات
650 04 - المدخل الاضافى بالموضوع-مصطلح موضوعى
مصطلح موضوعي المعلومات
التقسيم الفرعي العام علم
650 04 - المدخل الاضافى بالموضوع-مصطلح موضوعى
مصطلح موضوعي المكتبات
التقسيم الفرعي العام فهارس
650 04 - المدخل الاضافى بالموضوع-مصطلح موضوعى
مصطلح موضوعي نظم المعلومات
700 0# - المدخل الاضافى - اسم شخصى
الإسم الشخصى محمد فتحى عبدالهادى
الدور رئيس التحرير
700 0# - المدخل الاضافى - اسم شخصى
الإسم الشخصى اسامة السيد محمود
الدور محرر مشارك
700 0# - المدخل الاضافى - اسم شخصى
الإسم الشخصى منى محمود عبدالهادى
الدور محرر مشارك
942 ## - عناصر المدخل الإضافي( كوها)
مصدر التصنيف او مخطط الترفيف Dewey Decimal Classification
Koha [default] item type كتاب
260 ## - PUBLICATION, DISTRIBUTION, ETC. (IMPRINT)
-- القاهرة :
-- المكتبة الاكاديمية ،
Holdings
حالة التراجع حالة الفقد حالة تلف ليس للاعارة المكان المؤقت الموقع الحالى تاريخ الاكتساب اجمالي اﻻعارات رقم الطلب الباركود تاريخ اخر مشاهدة تاريخ تفعيل السعر نوع وعاء كوها
        مكتبة القاهرة الكبرى مكتبة القاهرة الكبرى 12/10/2014   020.05\ م إ 158975 12/10/2014 12/10/2014 كتاب

Powered By

EGPV